LEADER 00619naa a2200145 i 4500 001 000000301474 003 CaOOAMICUS 005 20180831172723.0 008 180831n xx u000 u und u 013 $a9204 040 $aSeMil$bita 100 1 $aSaraiva Martins, José,$c.$0(OLS)http://semarc/name/15695 245 10$aConclusioni del Congresso Internazionale di Missiologia «La salve. 773 0 $tSalvezza oggi.$dRoma : Pontificia Universitas Urbaniana, 199.$kStudia Urbaniana$z88-401-1034-8$w()35396 996 $6245$aConclusioni del Congresso Internazionale di Missiologia «La salve$9(OLS)http://semarc/title/377472 LEADER 00684naa a2200133 i 4500 001 000000324640 003 CaOOAMICUS 005 20180831173447.0 008 180831n it u000 u ita u 013 $a35540 040 $aSeMil$bita 245 10$aVita di Tobia e Tobiuzzo. 773 0 $aCavalca, Domenico $tScelti ammaestramenti per chi ama legarsi in matrimonio e conservarsi in tale stato con integrità di costumi e con fedeltà all'adempimento de' propri doveri sì del padre che della madre di famiglia.$dParma : Pietro Fiaccadori, 1841.$kScelta di elegantissimi scrittori italiani antichi e moderni$w()242944 996 $6245$aVita di Tobia e Tobiuzzo$9(OLS)http://semarc/title/397924